| 000 | 00982nam a2200241 i 4500 | ||
|---|---|---|---|
| 001 | 190731 | ||
| 003 | ES-MaACL | ||
| 005 | 20240410103609.0 | ||
| 008 | 220523s1976 sp 000 0 spa | ||
| 080 | _a78(460.222)(043.2) | ||
| 100 | 1 |
_aRoma, Josefina. _9174569 |
|
| 245 | 1 | 0 |
_aAnálisis funcional de la cultura musical del Alto Aragón / _cpor Mª Josefa Roma Riu. |
| 260 |
_aBarcelona : _bUniversidad de Barcelona, [Facultad de Filosofía y Letras], _c1976. |
||
| 300 |
_a14 p. ; _c24 cm. |
||
| 502 | _aTesis-Univ. Barcelona (Extracto) | ||
| 594 | _aPrecede al tít.: Universidad de Barcelona. Secretariado de Publicaciones, Intercambio Científico y Extensión Universitaria | ||
| 650 | 4 |
_aMúsica- _zAragón. _9174570 |
|
| 655 |
_aTesis y escritos académicos _9226867 |
||
| 710 | 2 |
_aUniversidad de Barcelona. _bFacultad de Filosofía y Letras. _97149 |
|
| 852 | 4 |
_aES-MaACL _jP-1415 (145) _9197913 _bR.68610 _cDEPO2 |
|
| 942 | _2udc | ||
| 999 |
_c190731 _d190731 |
||